000 00804nam a2200205Ii 4500
003 JO-AjNU
008 230605s9999||||xx |||||||||||||| ||und||
040 _aJO-AjNU
_bara
_erda
_cJO-AjNU
041 _aara
050 1 4 _aBP137.5.K5.A8634 1988
100 3 _aالشافعي، شهاب الدين أبي الفضل أحمد بن علي ؛ شرح وتعليق: سمير حسين حلبي,
_eauthor
_920492
245 0 0 _aالزهر النضر في نبأ الخضر
250 _aط1
264 3 1 _aبيروت: دار الكتب العلمية، 1988
300 _a152ص
_bالفهارس الفنية ص 116-151
336 _atext
_btxt
_2rdacontent
337 _aunmediated
_bn
_2rdamedia
338 _avolume
_bnc
_2rdacarrier
650 4 _aقصص الانبياء- الخضر عليه السلام
_920493
999 _aA6954
_c10522
_d10522